000 00623nam a2200241Ia 4500
003 OSt
005 20221005123324.0
006 a|||||r|||| 00| 0
007 ta
008 221004b |||||||| |||| 00| 0 mal d
024 _a55677
037 _cTextual
040 _aCRL
_cCRL
_bmal
041 _2mal
_amal
082 _aO32,2MKM,1, H7
100 _aVarma Marthanda Au.
_9633536
245 0 _aLaladuk
260 _c1947
650 _a MALAYALAM LITERATURE
_938866
650 _aMALAYALAM DRAMA
_9207189
942 _hO32,2MKM,1, H7
_cTEXL
_2cc
999 _c1047051
_d1047051